[Event "Titled Tuesday intern op 27th Feb Late"]
[Site "Chess.com INT"]
[Date "2024.02.27"]
[Round "3"]
[White "Ghosh, Chanchal Kumer"]
[Black "Bregu, Riza"]
[Result "1-0"]
[WhiteElo "2026"]
[BlackElo "2105"]
[PlyCount "49"]
[EventDate "2024.02.27"]
[EventType "swiss (blitz)"]
[EventRounds "11"]
[EventCountry "USA"]
[SourceTitle "CB10_2024"]
[SourceDate "2024.03.06"]
[SourceVersion "1"]
[SourceVersionDate "2024.03.06"]
[SourceQuality "1"]

1. e4 e5 2. Nf3 Nf6 3. Nxe5 d6 4. Nf3 Nxe4 5. Qe2 Qe7 6. d3 Nf6 7. Be3 Nc6 8. Nc3 Bg4 9. h3 Bh5 10. g4 Bg6 11. g5 Nh5 12. Bg2 0-0-0 13. Nh4 f6 14. Qg4+ Kb8 15. Bxc6 bxc6 16. Qa4 c5 17. Qb5+ Kc8 18. Nd5 Qd7 19. Qa6+ Kb8 20. b4 c6 21. bxc5 cxd5 22. Rb1+ Ka8 23. c6 d4 24. Rb7 dxe3 25. Qxa7# 1-0

[Event "Titled Tuesday intern op 12th Dec Early"]
[Site "Chess.com INT"]
[Date "2023.12.12"]
[Round "5"]
[White "Bregu, Riza"]
[Black "Sharapov, Evgeny"]
[Result "1-0"]
[WhiteElo "2133"]
[BlackElo "2375"]
[PlyCount "37"]
[EventDate "2023.12.12"]
[EventType "swiss (blitz)"]
[EventRounds "11"]
[EventCountry "USA"]
[SourceTitle "CB51_2023"]
[SourceDate "2023.12.20"]
[SourceVersion "1"]
[SourceVersionDate "2023.12.20"]
[SourceQuality "1"]

1. e4 c6 2. Nc3 d5 3. Nf3 dxe4 4. Nxe4 Bg4 5. h3 Bh5 6. g4 Bg6 7. Ng3 Nd7 8. d4 e6 9. h4 h6 10. h5 Bh7 11. g5 hxg5 12. Nxg5 Ngf6 13. Bf4 Nd5 14. Nxh7 Nxf4 15. Nxf8 Rxf8 16. Qg4 Qf6 17. 0-0-0 0-0-0 18. Ne4 Qf5 19. Nd6+ 1-0

[Event "Titled Tuesday intern op 14th Nov Early"]
[Site "Chess.com INT"]
[Date "2023.11.14"]
[Round "1"]
[White "Bregu, Riza"]
[Black "Arhan, Chethan Anand"]
[Result "0-1"]
[WhiteElo "2133"]
[BlackElo "2378"]
[PlyCount "68"]
[EventDate "2023.11.14"]
[EventType "swiss (blitz)"]
[EventRounds "11"]
[EventCountry "USA"]
[SourceTitle "CB47_2023"]
[SourceDate "2023.11.22"]
[SourceVersion "1"]
[SourceVersionDate "2023.11.22"]
[SourceQuality "1"]

1. e4 b6 2. d4 Bb7 3. Nc3 e6 4. Be3 Bb4 5. f3 Nf6 6. a3 Be7 7. Bd3 d5 8. e5 Nfd7 9. Nce2 c5 10. c3 Nc6 11. Nh3 f6 12. f4 fxe5 13. fxe5 0-0 14. Qc2 h6 15. Bh7+ Kh8 16. Nhf4 Rxf4 17. Nxf4 Nf8 18. Ng6+ Nxg6 19. Bxg6 cxd4 20. cxd4 Rc8 21. Qd2 Na5 22. 0-0 Nb3 23. Qd3 Nxa1 24. Rxa1 Bg5 25. Bf2 Qe7 26. g3 Bc1 27. Qe2 Qg5 28. Bb1 Qd2 29. Qf3 Ba6 30. Qf7 Qd1+ 31. Kg2 Bf1+ 32. Kg1 Bh3+ 33. Be1 Qxe1+ 34. Qf1 Qxf1# 0-1

[Event "Konjic op 12th"]
[Site "Konjic"]
[Date "2023.03.03"]
[Round "5"]
[White "Colpa, Husein"]
[Black "Bregu, Riza"]
[Result "0-1"]
[WhiteElo "1760"]
[BlackElo "2159"]
[PlyCount "54"]
[EventDate "2023.03.01"]
[EventType "swiss"]
[EventRounds "7"]
[EventCountry "BIH"]
[SourceTitle "CBM 213 Extra"]
[Source "ChessBase"]
[SourceDate "2023.05.31"]
[SourceVersion "1"]
[SourceVersionDate "2023.05.31"]
[SourceQuality "1"]

1. e4 e5 2. Nf3 Nf6 3. Nc3 Nc6 4. a3 Nxe4 5. Nxe4 d5 6. Ng3 e4 7. Ng1 f5 8. d4 Bd6 9. N1e2 0-0 10. Nh5 g6 11. Nhf4 Bxf4 12. Nxf4 g5 13. Nh3 f4 14. g3 Qf6 15. gxf4 g4 16. Ng1 Nxd4 17. Bg2 Nf3+ 18. Kf1 b6 19. Ne2 Ba6 20. c3 d4 21. Qb3+ Kh8 22. Bd2 Nxd2+ 23. Ke1 Nxb3 24. Rd1 Bxe2 25. Kxe2 Qxf4 26. Rhf1 d3+ 27. Ke1 Rae8 0-1

[Event "Konjic op 12th"]
[Site "Konjic"]
[Date "2023.03.02"]
[Round "3"]
[White "Pehar, Borna"]
[Black "Bregu, Riza"]
[Result "1-0"]
[WhiteElo "1910"]
[BlackElo "2159"]
[PlyCount "69"]
[EventDate "2023.03.01"]
[EventType "swiss"]
[EventRounds "7"]
[EventCountry "BIH"]
[SourceTitle "CBM 213 Extra"]
[Source "ChessBase"]
[SourceDate "2023.05.31"]
[SourceVersion "1"]
[SourceVersionDate "2023.05.31"]
[SourceQuality "1"]

1. e4 e5 2. Nf3 Nc6 3. Bc4 Nf6 4. d4 exd4 5. e5 d5 6. Bb5 Ne4 7. Nxd4 Bd7 8. Bxc6 bxc6 9. 0-0 Qh4 10. Be3 Be7 11. f3 Nc5 12. c3 f6 13. b4 fxe5 14. bxc5 exd4 15. Bxd4 0-0 16. Nd2 Bg5 17. Rf2 Rae8 18. g3 Qh3 19. f4 Bh6 20. Nf3 Bf5 21. Qf1 Qh5 22. Ne5 Be4 23. Re1 g5 24. Rxe4 dxe4 25. Qc4+ Kg7 26. Nd7+ Kg6 27. Nxf8+ Bxf8 28. Qg8+ Kh6 29. fxg5+ Qxg5 30. Qf7 Rb8 31. Rf6+ Qg6 32. Rxg6+ hxg6 33. Be3+ Kh5 34. g4+ Kxg4 35. Qf4+ 1-0

[Event "Split op 10th"]
[Site "Split"]
[Date "2021.08.06"]
[Round "8"]
[White "Jakrlin, Mihael"]
[Black "Bregu, Riza"]
[Result "1/2-1/2"]
[WhiteElo "2120"]
[BlackElo "2170"]
[PlyCount "136"]
[EventDate "2021.07.31"]
[EventType "swiss"]
[EventRounds "9"]
[EventCountry "CRO"]
[SourceTitle "CBM 203 Extra"]
[Source "ChessBase"]
[SourceDate "2021.09.30"]
[SourceVersion "1"]
[SourceVersionDate "2021.09.30"]
[SourceQuality "1"]

1. Nf3 d5 2. g3 g6 3. Bg2 Bg7 4. d4 Nf6 5. 0-0 0-0 6. c4 c6 7. Nc3 Bf5 8. Ne1 dxc4 9. e4 Bg4 10. f3 Be6 11. Be3 b5 12. g4 a5 13. g5 Ne8 14. f4 Nd6 15. Nc2 Qc8 16. e5 b4 17. exd6 bxc3 18. dxe7 Re8 19. bxc3 Rxe7 20. Bc1 Bd5 21. f5 gxf5 22. Ne3 Be4 23. Ba3 Re8 24. Bxe4 fxe4 25. Rf4 Qh3 26. Qe2 c5 27. Bxc5 Nd7 28. Ba3 f6 29. Rg4 fxg5 30. Rxg5 Kh8 31. Rg3 Qe6 32. Kh1 Rac8 33. Rag1 Rg8 34. Qg2 Bh6 35. Rxg8+ Rxg8 36. Qxg8+ Qxg8 37. Rxg8+ Kxg8 38. Nxc4 e3 39. Kg2 Nf6 40. Kf3 Nd5 41. Bb2 a4 42. a3 Bg5 43. Ne5 Bf4 44. Nd3 Bxh2 45. c4 Nb6 46. c5 Nc4 47. Bc1 Kf7 48. Bxe3 Nxa3 49. Nb2 Nc2 50. Nxa4 Nxe3 51. Kxe3 h5 52. d5 Ke7 53. Ke4 h4 54. Nc3 Bg1 55. c6 h3 56. Kf3 Bh2 57. Nb5 Bb8 58. Kf2 Be5 59. Na3 Bd6 60. Nc4 Bb8 61. Kf3 Bc7 62. Kf2 Bb8 63. Kf1 Bc7 64. Kg1 h2+ 65. Kg2 Bb8 66. Nb6 Kd6 67. Nd7 Bc7 68. Nf6 Bd8 1/2-1/2

[Event "Split op 10th"]
[Site "Split"]
[Date "2021.08.01"]
[Round "3"]
[White "Bregu, Riza"]
[Black "Plenkovic, Zdenko"]
[Result "0-1"]
[WhiteElo "2170"]
[BlackElo "2358"]
[PlyCount "92"]
[EventDate "2021.07.31"]
[EventType "swiss"]
[EventRounds "9"]
[EventCountry "CRO"]
[SourceTitle "EXT 2022"]
[Source "ChessBase"]
[SourceDate "2021.10.06"]
[SourceVersion "1"]
[SourceVersionDate "2021.10.06"]
[SourceQuality "1"]

1. e4 c5 2. Nf3 Nc6 3. d4 cxd4 4. Nxd4 Qb6 5. Nxc6 dxc6 6. Bc4 Nf6 7. Qf3 e5 8. 0-0 Qc7 9. a4 Be7 10. Nc3 0-0 11. Bg5 Kh8 12. Kh1 a5 13. Nd1 Bg4 14. Qg3 Nxe4 15. Qxg4 f5 16. Qe2 Bxg5 17. Ne3 Nc5 18. Ra3 g6 19. Ba2 e4 20. Qc4 Qe5 21. f4 exf3 22. Rxf3 Rad8 23. Nf1 Rd4 24. Qc3 Ne4 25. Qe1 Rb4 26. Ne3 Qxb2 27. Nc4 Qc1 28. Qxc1 Bxc1 29. Rad3 Rxa4 30. Bb3 Ra1 31. Rd1 a4 32. Ba2 Rxa2 33. Rxc1 Rd8 34. g4 Rd4 35. Ne3 Ng5 36. Rf2 Re4 37. h4 Nh3 38. Rf3 Ra3 39. c3 Nf2+ 40. Rxf2 Rxe3 41. Rd1 Raxc3 42. Rd8+ Kg7 43. Rfd2 Rh3+ 44. Kg2 Rcg3+ 45. Kf2 Rf3+ 46. Kg2 fxg4 0-1

[Event "ALB-ch"]
[Site "Tirana"]
[Date "2017.10.01"]
[Round "9"]
[White "Ashiku, Franc"]
[Black "Bregu, Riza"]
[Result "1-0"]
[WhiteElo "2394"]
[BlackElo "1979"]
[PlyCount "97"]
[EventDate "2017.09.23"]
[EventType "tourn"]
[EventRounds "9"]
[EventCountry "ALB"]
[SourceTitle "EXT 2019"]
[Source "ChessBase"]
[SourceDate "2018.10.10"]
[SourceVersion "1"]
[SourceVersionDate "2018.10.10"]
[SourceQuality "1"]

1. Nf3 e6 2. g3 d5 3. Bg2 Nf6 4. 0-0 Be7 5. d4 0-0 6. c4 Nbd7 7. b3 b6 8. Nc3 Bb7 9. Bb2 c5 10. Ne1 cxd4 11. Qxd4 Bc5 12. Qf4 Qb8 13. Qxb8 Raxb8 14. cxd5 exd5 15. Nd3 d4 16. Nb5 Bxg2 17. Kxg2 Rfe8 18. Rfe1 Ne5 19. Nxe5 Rxe5 20. Nxd4 Rbe8 21. e3 a5 22. Red1 h6 23. Rac1 Ne4 24. f3 Nd6 25. e4 f5 26. Ne2 R5e6 27. Nf4 Be3 28. Nxe6 Bxc1 29. Rxd6 Bxb2 30. exf5 Rb8 31. g4 b5 32. h4 a4 33. g5 a3 34. Kh3 h5 35. f4 b4 36. Rd8+ Rxd8 37. Nxd8 Kf8 38. Ne6+ Ke7 39. Nxg7 Bxg7 40. f6+ Bxf6 41. gxf6+ Kxf6 42. Kg3 Ke6 43. Kf2 Kd6 44. Ke3 Kd5 45. Kd3 Ke6 46. Ke4 Kf6 47. f5 Kf7 48. Ke5 Ke7 49. f6+ 1-0

[Event "ALB-ch"]
[Site "Tirana"]
[Date "2017.09.29"]
[Round "7"]
[White "Mehmeti, Dritan"]
[Black "Bregu, Riza"]
[Result "1/2-1/2"]
[WhiteElo "2428"]
[BlackElo "1979"]
[PlyCount "60"]
[EventDate "2017.09.23"]
[EventType "tourn"]
[EventRounds "9"]
[EventCountry "ALB"]
[SourceTitle "EXT 2019"]
[Source "ChessBase"]
[SourceDate "2018.10.10"]
[SourceVersion "1"]
[SourceVersionDate "2018.10.10"]
[SourceQuality "1"]

1. d4 e6 2. Nf3 d5 3. c4 Nf6 4. Nc3 Be7 5. Bg5 0-0 6. e3 Nbd7 7. cxd5 Nxd5 8. Bxe7 Qxe7 9. Be2 Nxc3 10. bxc3 b6 11. 0-0 Bb7 12. a4 a5 13. Qb3 h6 14. Qa3 Qxa3 15. Rxa3 g5 16. c4 Rfe8 17. c5 bxc5 18. dxc5 Nxc5 19. Rc1 Ne4 20. h4 c5 21. hxg5 hxg5 22. Bd3 Rac8 23. Bxe4 Bxe4 24. Nxg5 Bg6 25. Rac3 Red8 26. f4 c4 27. Rxc4 Rd1+ 28. Rxd1 Rxc4 29. Rd8+ Kg7 30. Rd7 Kf8 1/2-1/2

[Event "ALB-ch"]
[Site "Tirana"]
[Date "2017.09.27"]
[Round "5"]
[White "Veleshnja, Zino"]
[Black "Bregu, Riza"]
[Result "1-0"]
[WhiteElo "2016"]
[BlackElo "1979"]
[PlyCount "89"]
[EventDate "2017.09.23"]
[EventType "tourn"]
[EventRounds "9"]
[EventCountry "ALB"]
[SourceTitle "EXT 2019"]
[Source "ChessBase"]
[SourceDate "2018.10.10"]
[SourceVersion "1"]
[SourceVersionDate "2018.10.10"]
[SourceQuality "1"]

1. Nf3 c5 2. g3 Nc6 3. Bg2 e5 4. 0-0 Nf6 5. d3 d6 6. e4 Bg4 7. c3 Qd7 8. Nbd2 b5 9. a4 b4 10. Nc4 Be7 11. Ne3 Bh3 12. Bxh3 Qxh3 13. Nf5 Ng4 14. Qe2 g6 15. Nxe7 Kxe7 16. Rd1 Rhf8 17. Qf1 Qxf1+ 18. Kxf1 f5 19. Kg2 fxe4 20. Bg5+ Kd7 21. dxe4 Rf7 22. h3 Raf8 23. hxg4 Rxf3 24. Bf4 bxc3 25. Kxf3 c2 26. Rh1 Nd4+ 27. Ke3 exf4+ 28. gxf4 Rb8 29. Rxh7+ Kc6 30. f5 g5 31. f4 gxf4+ 32. Kxf4 Ne2+ 33. Ke3 c1Q+ 34. Rxc1 Nxc1 35. g5 d5 36. e5 Rxb2 37. g6 d4+ 38. Kf3 Rb3+ 39. Kg2 Rb2+ 40. Kf1 d3 41. g7 Rb8 42. Ke1 Rd8 43. Rh8 Rd4 44. g8Q d2+ 45. Kd1 1-0